<?xml version="1.0" encoding="UTF-8"?>
<record
    xmlns:xsi="http://www.w3.org/2001/XMLSchema-instance"
    xsi:schemaLocation="http://www.loc.gov/MARC21/slim http://www.loc.gov/standards/marcxml/schema/MARC21slim.xsd"
    xmlns="http://www.loc.gov/MARC21/slim">

  <leader>00502nam a2200169Ia 4500</leader>
  <controlfield tag="008">230125s9999    xx            000 0 und d</controlfield>
  <datafield tag="020" ind1=" " ind2=" ">
    <subfield code="a">978-93-5316-814-8</subfield>
  </datafield>
  <datafield tag="041" ind1=" " ind2=" ">
    <subfield code="a">eng</subfield>
  </datafield>
  <datafield tag="082" ind1=" " ind2=" ">
    <subfield code="a">658.001</subfield>
    <subfield code="b">KOO/ETC</subfield>
  </datafield>
  <datafield tag="100" ind1=" " ind2=" ">
    <subfield code="a">Koontz H</subfield>
  </datafield>
  <datafield tag="245" ind1=" " ind2=" ">
    <subfield code="a">Essentials of Management : An International, Innovation and Leadership Perspective</subfield>
  </datafield>
  <datafield tag="250" ind1=" " ind2=" ">
    <subfield code="a">11th Ed.</subfield>
  </datafield>
  <datafield tag="260" ind1=" " ind2=" ">
    <subfield code="c">2020</subfield>
    <subfield code="b">McGraw-Hill</subfield>
    <subfield code="a">Tamil Nadu</subfield>
  </datafield>
  <datafield tag="300" ind1=" " ind2=" ">
    <subfield code="a">590p</subfield>
  </datafield>
  <datafield tag="700" ind1=" " ind2=" ">
    <subfield code="a">Koontz H; Weihrich H &amp; Cannice M V</subfield>
    <subfield code="9">118833</subfield>
  </datafield>
  <datafield tag="999" ind1=" " ind2=" ">
    <subfield code="c">96975</subfield>
    <subfield code="d">96975</subfield>
  </datafield>
  <datafield tag="952" ind1=" " ind2=" ">
    <subfield code="0">0</subfield>
    <subfield code="1">0</subfield>
    <subfield code="2">ddc</subfield>
    <subfield code="4">0</subfield>
    <subfield code="7">0</subfield>
    <subfield code="a">HIMR</subfield>
    <subfield code="b">HIMR</subfield>
    <subfield code="d">2022-03-09</subfield>
    <subfield code="e">Pritam Book Centre</subfield>
    <subfield code="g">785.00</subfield>
    <subfield code="i">329</subfield>
    <subfield code="o">658.001 KOO/ETC B22217</subfield>
    <subfield code="p">HIMR-BK-22217</subfield>
    <subfield code="r">2023-01-25 00:00:00</subfield>
    <subfield code="v">573.05</subfield>
    <subfield code="w">2022-03-07</subfield>
    <subfield code="y">BK</subfield>
    <subfield code="z">B22217</subfield>
  </datafield>
  <datafield tag="952" ind1=" " ind2=" ">
    <subfield code="0">0</subfield>
    <subfield code="1">0</subfield>
    <subfield code="4">0</subfield>
    <subfield code="7">0</subfield>
    <subfield code="a">HIMR</subfield>
    <subfield code="b">HIMR</subfield>
    <subfield code="d">2022-03-09</subfield>
    <subfield code="e">Pritam Book Centre</subfield>
    <subfield code="g">785.00</subfield>
    <subfield code="i">329</subfield>
    <subfield code="l">0</subfield>
    <subfield code="o">658.001 KOO/ETC B22218</subfield>
    <subfield code="p">HIMR-BK-22218</subfield>
    <subfield code="r">2023-01-25 00:00:00</subfield>
    <subfield code="v">573.05</subfield>
    <subfield code="w">2022-03-07</subfield>
    <subfield code="y">BK</subfield>
    <subfield code="z">B22218</subfield>
  </datafield>
  <datafield tag="952" ind1=" " ind2=" ">
    <subfield code="0">0</subfield>
    <subfield code="1">0</subfield>
    <subfield code="4">0</subfield>
    <subfield code="7">0</subfield>
    <subfield code="a">HIMR</subfield>
    <subfield code="b">HIMR</subfield>
    <subfield code="d">2022-03-09</subfield>
    <subfield code="e">Pritam Book Centre</subfield>
    <subfield code="g">785.00</subfield>
    <subfield code="i">329</subfield>
    <subfield code="l">1</subfield>
    <subfield code="o">658.001 KOO/ETC B22219</subfield>
    <subfield code="p">HIMR-BK-22219</subfield>
    <subfield code="r">2025-12-11 17:25:20</subfield>
    <subfield code="s">2025-07-15</subfield>
    <subfield code="v">573.05</subfield>
    <subfield code="w">2022-03-07</subfield>
    <subfield code="y">BK</subfield>
    <subfield code="z">B22219</subfield>
  </datafield>
  <datafield tag="952" ind1=" " ind2=" ">
    <subfield code="0">0</subfield>
    <subfield code="1">0</subfield>
    <subfield code="4">0</subfield>
    <subfield code="7">0</subfield>
    <subfield code="a">HIMR</subfield>
    <subfield code="b">HIMR</subfield>
    <subfield code="d">2022-03-09</subfield>
    <subfield code="e">Pritam Book Centre</subfield>
    <subfield code="g">785.00</subfield>
    <subfield code="i">329</subfield>
    <subfield code="l">1</subfield>
    <subfield code="m">1</subfield>
    <subfield code="o">658.001 KOO/ETC B22220</subfield>
    <subfield code="p">HIMR-BK-22220</subfield>
    <subfield code="r">2025-12-02 12:39:09</subfield>
    <subfield code="s">2025-11-20</subfield>
    <subfield code="v">573.05</subfield>
    <subfield code="w">2022-03-07</subfield>
    <subfield code="y">BK</subfield>
    <subfield code="z">B22220</subfield>
  </datafield>
  <datafield tag="952" ind1=" " ind2=" ">
    <subfield code="0">0</subfield>
    <subfield code="1">0</subfield>
    <subfield code="4">0</subfield>
    <subfield code="7">0</subfield>
    <subfield code="a">HIMR</subfield>
    <subfield code="b">HIMR</subfield>
    <subfield code="d">2022-03-09</subfield>
    <subfield code="e">Pritam Book Centre</subfield>
    <subfield code="g">785.00</subfield>
    <subfield code="i">329</subfield>
    <subfield code="o">658.001 KOO/ETC B22221</subfield>
    <subfield code="p">HIMR-BK-22221</subfield>
    <subfield code="r">2023-01-25 00:00:00</subfield>
    <subfield code="v">573.05</subfield>
    <subfield code="w">2022-03-07</subfield>
    <subfield code="y">BK</subfield>
    <subfield code="z">B22221</subfield>
  </datafield>
</record>
